Statistics for 15 largest cities in Ireland

Click here to take the quiz!

General Stats

  • This quiz has been taken 12 times
  • The average score is 9 of 15

Answer Stats

PopulaionAnswer% Correct
1,173,179Dublin
100%
208,669Cork
92%
94,192Limerick
83%
79,934Galway
75%
53,504Waterford
67%
40,956Drogheda
58%
39,004Dundalk
50%
25,276Ennis
50%
26,512Kilkenny
50%
39,248Swords
50%
32,600Bray
42%
24,272Carlow
42%
30,173Navan
42%
23,691Tralee
42%
22,742Newbridge
33%

Score Distribution

Percentile by Number Answered

Percent of People with Each Score

Your Score History

You have not taken this quiz